Statistics for City That Each BTS Member is From

Click here to take the quiz!

General Stats

  • This quiz has been taken 519 times
  • The average score is 4 of 7

Answer Stats

Member City % Correct
JungkookBusan
97%
JiminBusan
88%
VDaegu
87%
SugaDaegu
77%
J-HopeGwangju
40%
JinAnyang
12%
Rap MonsterIlsan-gu
6%

Score Distribution

Percentile by Number Answered

Percent of People with Each Score

Your Score History

You have not taken this quiz